000 00673cam a2200217 4500500
005 20260329005857.0
041 _afre
042 _adc
100 1 0 _aOrtoli, Sven
_eauthor
245 0 0 _aChronologie : Nietzsche, la vie d’un "esprit libre"
260 _c2015.
500 _a14
690 _aAmitié
690 _aMétaphysique
690 _aMorale
690 _aMusique
690 _aNietzsche
690 _aZarathoustra
786 0 _nPhilosophie magazine - Hors séries | Hors-série Été 2015 | HS27 | 2015-07-01 | p. 2-3 | 2104-9246
856 4 1 _uhttps://shs.cairn.info/magazine-philosophie-magazine-2015-hs26-page-2?lang=fr&redirect-ssocas=7080
999 _c1847482
_d1847482